Starsky et Hutch - Statistiques

Statistiques générales
  • Ce quiz a été pris 35 fois
  • Le résultat moyen est 9 sur 15
Statistiques - réponses
Hint Réponse % Correct
Huggy en a de bons tuyaux
90%
l'une des couleurs de la voiture de Starsky blanc
87%
prénom de Starsky David
87%
métier de Starsky et Hutch policier
87%
année de diffusion en France de la saison 1 1978
67%
couleur de cheveux de Hutch blonds
60%
couleur de cheveux de Starsky bruns
60%
ville où l'action se déroule Los Angeles
60%
âge auquel tu as regardé pour la 1ère fois entre 20 et 30 ans (ça te fera chercher un peu) 25
53%
prénom de Hutch Ken
53%
nom de la patrouille de Starsky et Hutch Zébra 3
53%
origine de la série américaine
33%
chaîne d'origine de la série (indice...easy as 1, 2, 3 Abc
27%
vrai nom de Hutch Soul
27%
vrai nom de Starsky Glaser
20%
Aucun quiz correspondant
Distribution des résultats
% des personnes avec chaque résultat
Percentile par nombre de réponses
Votre historique - résultats
Vous n’avez pas pris ce quiz